000 00606nam a2200265Ia 4500
005 20260306163712.0
008 008 260114s9999 xx 000 0 eng d
020 _a9780824868512
037 _aEBOOK
040 _aCRL
040 _beng
040 _cCRL
041 _2eng
041 _aeng
084 _qCRL
100 _aCamacho
_9897733
245 0 _aCultures Of Commemoration
260 _bUniversity of Hawaii Press
260 _c2016
650 _aSocial Work
856 _uhttps://academic.oup.com/book/15217
942 _cEBOOK
999 _c1711146
_d1711146